[Event "POLFINAL MISTRZOSTW POLSKI JUNIOROW 2018 - C11"]
[Site "Szczyrk"]
[Date "1899-12-30"]
[Round "7.16"]
[White "Zaborski, Igor"]
[Black "Palasz, Jakub"]
[Result "1-0"]
[WhiteTitle "II"]
[BlackTitle "II"]
[WhiteElo "1323"]
[BlackElo "1157"]

1. d4 d5 2. c4 e6 3. Nf3 Nf6 4. g3 Be7 5. Bg2 O-O 6. O-O Nbd7 7. cxd5 exd5 8. Nc3
b6 9. Bf4 Bb7 10. Rc1 Rc8 11. Nb5 c6 12. Nxa7 Ra8 13. Nxc6 Bxc6 14. Rxc6 Rxa2
15. Qb3 Qa8 16. Rfc1 Ra1 17. Rxa1 Qxa1+ 18. Rc1 Qa6 19. e3 Rc8 20. Rxc8+ Qxc8
21. Qc3 Qxc3 22. bxc3 Ne4 23. Ne5 Nxe5 24. Bxe4 dxe4 25. Bxe5 Bd8 26. Bd6 g6 27.
Kg2 Kg7 28. c4 Kf6 29. f3 exf3+ 30. Kxf3 Ke6 31. Bb4 f5 32. g4 fxg4+ 33. Kxg4
h5+ 34. Kf3 g5 35. h3 Kf5 36. e4+ Ke6 37. d5+ Ke5 38. Bc3+ Kd6 39. Bd4 Ke7 40.
e5 Kd7 41. Ke4 Kc7 42. Kf5 Kd7 43. Be3 g4 44. hxg4 hxg4 45. Kxg4 Bc7 46. Kf5 Ke8
47. d6 Bd8 48. Bg5 Bxg5 49. Kxg5 Kf8 50. e6 Ke8 51. Kf6 Kf8 52. e7+ Ke8 53. Ke5
1-0

[Event "POLFINAL MISTRZOSTW POLSKI JUNIOROW 2018 - C11"]
[Site "Szczyrk"]
[Date "1899-12-30"]
[Round "7.17"]
[White "Gromek, Pawel"]
[Black "Oklinski, Franciszek"]
[Result "1/2-1/2"]
[WhiteTitle "II"]
[BlackTitle "III"]
[WhiteElo "1242"]
[BlackElo "1073"]

1. d4 Nf6 2. c4 e6 3. Nc3 Bb4 4. Qc2 O-O 5. Nf3 d6 6. e3 Nbd7 7. a3 Bxc3+ 8. bxc3
b6 9. Be2 Bb7 10. O-O c5 11. Bb2 Rc8 12. Rac1 Qe7 13. Qb1 Rfd8 14. Rfd1 Be4 15.
Bd3 Bxf3 16. gxf3 h6 17. Kh1 Re8 18. Rg1 e5 19. Rg2 e4 20. fxe4 Nxe4 21. Rcg1
Ndf6 22. Bxe4 Nxe4 23. f3 Nf6 24. Rxg7+ Kh8 25. Qf5 Rg8 26. Rxg8+ Rxg8 27. Rxg8+
Nxg8 28. e4 Kg7 29. Bc1 Kf8 30. Qc8+ Kg7 31. Qg4+ Kf8 32. Bf4 1/2-1/2

[Event "POLFINAL MISTRZOSTW POLSKI JUNIOROW 2018 - C11"]
[Site "Szczyrk"]
[Date "1899-12-30"]
[Round "7.18"]
[White "Banaczyk, Piotr"]
[Black "Kubaszewski, Piotr"]
[Result "1-0"]
[WhiteTitle "II"]
[BlackTitle "II"]
[WhiteElo "1125"]
[BlackElo "1238"]

1. e4 c5 2. c3 d6 3. d4 cxd4 4. cxd4 g6 5. Nc3 Bg7 6. Bd3 Nc6 7. d5 Ne5 8. Be2
Nf6 9. h3 O-O 10. Be3 Ned7 11. Nf3 b6 12. Nd4 Bb7 13. h4 Nc5 14. Bf3 a5 15. h5
Re8 16. hxg6 hxg6 17. Qd2 1-0

[Event "POLFINAL MISTRZOSTW POLSKI JUNIOROW 2018 - C11"]
[Site "Szczyrk"]
[Date "1899-12-30"]
[Round "7.19"]
[White "Pawlowski, Kamil"]
[Black "Borowik, Karol"]
[Result "1/2-1/2"]
[WhiteTitle "II"]
[BlackTitle "II"]
[WhiteElo "1013"]
[BlackElo "1177"]

1. e4 c5 2. Nf3 d6 3. d4 cxd4 4. Nxd4 Nf6 5. Nc3 g6 6. Be3 Bg7 7. Bc4 Nc6 8. Nxc6
bxc6 9. O-O O-O 10. f4 Qc7 11. Qd2 Ng4 12. h3 Nxe3 13. Qxe3 Qb6 14. Qxb6 axb6
15. a4 Ba6 16. Bxa6 Rxa6 17. Rf3 Rfa8 18. b3 b5 19. Ra2 Bxc3 20. Rxc3 bxa4 21.
b4 Rb6 22. Rc4 f6 23. Kf1 d5 24. exd5 cxd5 25. Rd4 Kf7 26. c3 Rb5 27. Ke2 e5 28.
fxe5 fxe5 29. Rg4 d4 30. Kd3 dxc3 31. Kxc3 Rc8+ 32. Kb2 Ra8 33. Ka3 Kf6 34. Rf2+
Kg7 35. Re4 1/2-1/2

[Event "POLFINAL MISTRZOSTW POLSKI JUNIOROW 2018 - C11"]
[Site "Szczyrk"]
[Date "1899-12-30"]
[Round "8.1"]
[White "Jaworski, Tymon"]
[Black "Klim, Filip"]
[Result "1-0"]
[WhiteTitle "II"]
[BlackTitle "I"]
[WhiteElo "1459"]
[BlackElo "1451"]

1. e4 e5 2. Bc4 Nf6 3. d3 Bc5 4. Nf3 Nc6 5. O-O d6 6. h3 O-O 7. Bg5 Be6 8. Bb3
a6 9. Nbd2 Na5 10. c3 Nxb3 11. Nxb3 Bb6 12. Re1 h6 13. Bh4 Qe7 14. Nbd2 c6 15.
d4 Bc7 16. Qc2 b5 17. b3 Bd7 18. Rad1 Rac8 19. dxe5 dxe5 20. Nf1 Rfd8 21. Rd2
Be6 22. Red1 Rxd2 23. Rxd2 Rd8 24. Bg3 Rxd2 25. N1xd2 Bd7 26. c4 Bd6 27. Qb2 Nh5
28. Bxe5 Bxe5 29. Qxe5 Qxe5 30. Nxe5 Be8 31. Ndf3 Nf6 32. Nd2 Kf8 33. Kf1 Ke7
34. Ke2 Kd6 35. Nd3 Nd7 36. Ke3 f6 37. f4 Bf7 38. g4 g6 39. e5+ fxe5 40. fxe5+
Nxe5 41. Ne4+ Ke6 42. Nec5+ Kd6 43. Nb7+ Ke6 44. Nd8+ Kf6 45. Nxe5 Kxe5 46. Nxf7+
Kf6 47. Nd8 c5 48. Nb7 1-0

[Event "POLFINAL MISTRZOSTW POLSKI JUNIOROW 2018 - C11"]
[Site "Szczyrk"]
[Date "1899-12-30"]
[Round "8.2"]
[White "Miler, Franciszek"]
[Black "Bochenek, Ryszard"]
[Result "1-0"]
[WhiteTitle "II"]
[BlackTitle "II"]
[WhiteElo "1345"]
[BlackElo "1391"]

1. e4 e6 2. d4 d5 3. e5 c5 4. Nf3 cxd4 5. Bd3 Nc6 6. a3 a6 7. O-O Bc5 8. b4 Ba7
9. Nbd2 Nge7 10. Re1 h6 11. Nb3 Bd7 12. Bb2 Nf5 13. Bxf5 exf5 14. Nfxd4 Qe7 15.
Qf3 Bxd4 16. Bxd4 Qe6 17. Bb2 b6 18. Rad1 Ne7 19. Nd4 Qg6 20. h4 h5 21. Bc1 Be6
22. Bg5 Ng8 23. c4 Rc8 24. cxd5 Bd7 25. e6 Ba4 26. exf7+ Kxf7 27. Nxf5 Nf6 28.
Nd6+ Kg8 29. Nxc8 Bxd1 30. Ne7+ Kh7 31. Rxd1 Qc2 32. Bxf6 gxf6 33. Qxh5+ Kg7 34.
Nf5+ Kg8 35. Qg4+ Kf7 36. Qg7+ Ke8 1-0

[Event "POLFINAL MISTRZOSTW POLSKI JUNIOROW 2018 - C11"]
[Site "Szczyrk"]
[Date "1899-12-30"]
[Round "8.3"]
[White "Demski, Michal"]
[Black "Rylski, Tadeusz"]
[Result "0-1"]
[WhiteTitle "I"]
[BlackTitle "II"]
[WhiteElo "1597"]
[BlackElo "1407"]

1. e4 e6 2. d4 d5 3. exd5 exd5 4. Bd3 Bd6 5. h3 Ne7 6. Nf3 Bf5 7. c3 O-O 8. O-O
Nbc6 9. Be3 Qd7 10. Bxf5 Nxf5 11. Qd3 Rfe8 12. Re1 Re7 13. Nbd2 Rae8 14. b3 Nd8
15. Rac1 Nxe3 16. fxe3 Bg3 17. Re2 Ne6 18. Ne5 Bxe5 19. dxe5 Nf8 20. Nf3 Ng6 21.
Rd1 c6 22. c4 Nxe5 23. Nxe5 Rxe5 24. Rde1 Qe7 25. cxd5 Rxd5 26. Qc2 Qe4 27. Qxe4
Rxe4 28. Kf2 f6 29. Kf3 Ree5 30. Rc2 Kf7 31. Rce2 Ke6 32. Rc2 Rd3 33. Ree2 Rd6
34. Red2 Rxd2 35. Rxd2 Rd5 36. Rc2 Ke5 37. g3 Ke6 38. Rb2 c5 39. Rc2 b6 40. Rb2
Rd1 41. Rf2 Rd5 42. Rc2 Kd6 43. Rc3 Rd2 44. a3 Rd1 45. Ke2 Rh1 46. Rd3+ Ke7 47.
h4 Rg1 48. Kf2 Ra1 49. a4 Rc1 50. Ke2 Rc2+ 51. Kf3 c4 52. bxc4 Rxc4 53. Ra3 Kd6
54. a5 bxa5 55. Rxa5 Rc7 56. Ra4 Kc5 57. g4 Kb5 58. Ra1 a5 59. g5 f5 60. Rb1+
Ka6 61. Kf4 g6 62. Ke5 Re7+ 63. Kf6 Rxe3 64. Kg7 Re7+ 65. Kf6 Rc7 66. h5 a4 67.
hxg6 Rc6+ 68. Kxf5 hxg6+ 69. Ke5 Ka5 70. Rb8 a3 71. Kd5 Rb6 72. Rg8 a2 73. Ke5
0-1

[Event "POLFINAL MISTRZOSTW POLSKI JUNIOROW 2018 - C11"]
[Site "Szczyrk"]
[Date "1899-12-30"]
[Round "8.4"]
[White "Cieply, Krzysztof"]
[Black "Karp, Kacper"]
[Result "1/2-1/2"]
[WhiteTitle "II"]
[BlackTitle "II+"]
[WhiteElo "1362"]
[BlackElo "1534"]

1. e4 c5 2. Nf3 e6 3. d4 cxd4 4. Nxd4 Nf6 5. Bd3 d6 6. O-O a6 7. Qe2 b5 8. a4 b4
9. c3 bxc3 10. Nxc3 Be7 11. Be3 O-O 12. f4 Bb7 13. f5 e5 14. Nc2 d5 15. exd5 Nxd5
16. Nxd5 Qxd5 17. Rfd1 Rd8 18. f6 Bxf6 19. Bxh7+ Kxh7 20. Rxd5 Rxd5 21. Nb4 Rd6
22. Qc2+ Kg8 23. Bc5 Re6 24. Re1 Nc6 25. Nd5 Nd4 26. Nxf6+ Rxf6 27. Bxd4 exd4
28. Qc7 Bc6 29. Rd1 Bxa4 30. Rxd4 Bb5 31. h3 Re8 32. Rd2 Rc6 33. Qf4 Rf6 34. Qd4
Re1+ 35. Kh2 Re8 1/2-1/2

[Event "POLFINAL MISTRZOSTW POLSKI JUNIOROW 2018 - C11"]
[Site "Szczyrk"]
[Date "1899-12-30"]
[Round "8.5"]
[White "Starosciak, Szymon"]
[Black "Wolski, Michal"]
[Result "1/2-1/2"]
[WhiteTitle "II"]
[BlackTitle "II"]
[WhiteElo "1419"]
[BlackElo "1364"]

1. e4 c6 2. d4 d5 3. Nc3 dxe4 4. Nxe4 Bf5 5. Ng3 Bg6 6. h4 h6 7. Nf3 e6 8. Ne5
Bh7 9. Be2 Nd7 10. Bf4 Ngf6 11. Bd3 Bxd3 12. Qxd3 Nd5 13. Bd2 Nxe5 14. dxe5 Qb6
15. Qb3 Qxb3 16. axb3 Bc5 17. Ne4 Be7 18. Ke2 f5 19. Nc3 Bc5 20. f4 Nxc3+ 21.
bxc3 Ke7 22. b4 Bb6 23. c4 a6 24. c5 Bc7 25. Bc3 Rhd8 26. Rhd1 Rxd1 27. Rxd1 Rd8
28. Ra1 Ra8 29. Bd4 Rd8 30. Bc3 Ra8 31. Bd4 1/2-1/2

[Event "POLFINAL MISTRZOSTW POLSKI JUNIOROW 2018 - C11"]
[Site "Szczyrk"]
[Date "1899-12-30"]
[Round "8.6"]
[White "Fojcik, Kacper"]
[Black "Wydmanski, Szymon"]
[Result "1/2-1/2"]
[WhiteTitle "III"]
[BlackTitle "II"]
[WhiteElo "1190"]
[BlackElo "1225"]

1. c4 Nf6 2. Nf3 g6 3. Nc3 d5 4. cxd5 Nxd5 5. g3 Bg7 6. Bg2 O-O 7. O-O Nc6 8. d4
Nxc3 9. bxc3 e6 10. Bf4 Ne7 11. e4 c5 12. Rc1 f5 13. e5 Nd5 14. Bg5 Qa5 15. Qb3
b5 16. dxc5 Bb7 17. Nd4 Qa6 18. Qxb5 Qxb5 19. Nxb5 Ba6 20. c4 Nb4 21. Bxa8 Rxa8
22. Nc7 Rc8 23. Nxa6 Nxa6 24. f4 Nxc5 25. Be7 Bf8 26. Bxf8 Kxf8 27. Rfd1 Ke7 28.
Rb1 Ke8 29. Rd6 Ke7 30. Rb5 h6 31. a4 g5 32. Kf1 Rc7 33. a5 Ne4 34. Rd4 Nc5 35.
Rb8 Rc6 36. Rh8 gxf4 37. gxf4 Ra6 38. Rh7+ Ke8 39. Rd6 Rxa5 40. Rxh6 Ra4 41. h4
Rxc4 1/2-1/2

[Event "POLFINAL MISTRZOSTW POLSKI JUNIOROW 2018 - C11"]
[Site "Szczyrk"]
[Date "1899-12-30"]
[Round "8.7"]
[White "Klisowski, Bartosz"]
[Black "Zimny, Jakub"]
[Result "1-0"]
[WhiteTitle "II"]
[BlackTitle "II"]
[WhiteElo "1334"]
[BlackElo "1217"]

1. Nf3 Nf6 2. g3 g6 3. Bg2 Bg7 4. c4 O-O 5. O-O d6 6. Nc3 c5 7. d3 Nc6 8. a3 a6
9. Rb1 Rb8 10. b4 cxb4 11. axb4 b5 12. cxb5 axb5 13. h3 Bd7 14. Qc2 Qc7 15. Be3
Rfc8 16. Rfc1 Qb7 17. Nd4 e6 18. Ndxb5 Ne8 19. Nd4 d5 20. Nxc6 Bxc6 21. Bc5 Nc7
22. Qb3 Ra8 23. b5 Rcb8 24. b6 Na6 25. d4 Nxc5 26. dxc5 Ra5 27. Qb4 Rba8 28. e3
Bf8 29. Ne2 Rb5 30. Qd4 Bxc5 31. Qd2 Qxb6 32. Rxb5 Bxb5 33. Nc3 Bb4 34. Qd1 Bxc3
35. Rxc3 Bc4 36. Rxc4 Rd8 37. Rd4 Ra8 38. Ra4 Rd8 39. Qa1 Qc6 40. Ra7 Qc5 41.
Ra8 Rxa8 42. Qxa8+ Kg7 43. Qa1+ Kg8 44. Qe5 Qb4 45. Qf4 Qb2 46. Qd4 Qe2 47. Bf1
Qf3 48. Qg4 Qf6 49. Bd3 h6 50. h4 Qg7 51. Qd4 Qxd4 52. exd4 Kg7 53. Kg2 g5 54.
hxg5 hxg5 55. Kf3 f5 56. Bb5 Kf6 57. Bc6 Ke7 58. Ke3 Kd6 59. Bb7 Kc7 60. Ba6 Kd6
61. Bc8 Ke7 62. f4 Kf6 63. fxg5+ Kxg5 64. Bxe6 Kg4 65. Bxd5 Kxg3 66. Bf3 f4+ 67.
Ke4 Kh4 68. Kxf4 Kh3 69. d5 Kh4 70. d6 Kh3 71. d7 Kh2 72. d8=Q Kg1 73. Qd1+ Kf2
74. Qe2+ Kg1 75. Qg2# 1-0

[Event "POLFINAL MISTRZOSTW POLSKI JUNIOROW 2018 - C11"]
[Site "Szczyrk"]
[Date "1899-12-30"]
[Round "8.8"]
[White "Jendrowiak, Maciej"]
[Black "Grzadka, Artur"]
[Result "0-1"]
[WhiteTitle "II"]
[BlackTitle "II"]
[WhiteElo "1266"]
[BlackElo "1333"]

1. d4 Nf6 2. c4 e6 3. g3 Be7 4. Bg2 O-O 5. Nc3 d5 6. cxd5 exd5 7. Bg5 c6 8. Nf3
Bf5 9. O-O h6 10. Bf4 Nbd7 11. Re1 Nb6 12. Ne5 Ng4 13. Nxg4 Bxg4 14. f3 Bh5 15.
g4 Bg6 16. e4 dxe4 17. Nxe4 Nd5 18. Bd2 Qb6 19. Bc3 Nf4 20. Qd2 Qc7 21. Bb4 Bxb4
22. Qxb4 Nd3 23. Qc3 Nxe1 24. Rxe1 Rad8 25. Nd2 Rfe8 26. Rxe8+ Rxe8 27. Nc4 f6
28. Ne3 Qe7 29. Kf2 Bf7 30. a3 Qe6 31. Bf1 Qd6 32. h3 Kh8 33. Kg2 Qe6 34. Kf2
Qb3 35. Nc4 Bxc4 36. Bxc4 Qxc3 37. bxc3 g5 38. Bd3 Kg7 39. Be4 Kf8 40. Ke3 Ke7
41. Kd3 Kd6 42. c4 Rd8 43. a4 Kc7 44. Kc3 Kb6 45. d5 Kc5 46. dxc6 bxc6 47. Bd3
Kb6 48. Bc2 Kc5 49. Be4 a5 50. Bc2 Rb8 51. Bd1 Rb1 52. Bc2 Rc1 53. Kd3 Rxc2 0-1

[Event "POLFINAL MISTRZOSTW POLSKI JUNIOROW 2018 - C11"]
[Site "Szczyrk"]
[Date "1899-12-30"]
[Round "8.9"]
[White "Wieckowski, Michal"]
[Black "Rozek, Michal"]
[Result "1-0"]
[WhiteTitle "II"]
[BlackTitle "II"]
[WhiteElo "1278"]
[BlackElo "1219"]

1. e4 c5 2. Nc3 a6 3. f4 e6 4. Nf3 Nc6 5. a4 d5 6. e5 Nge7 7. Be2 Bd7 8. O-O Nf5
9. Bd3 Nfd4 10. Nxd4 Nxd4 11. Ne2 Nc6 12. c4 Nb4 13. Qb3 dxc4 14. Qxc4 b5 15.
Qc3 Bc6 16. axb5 axb5 17. Rxa8 Qxa8 18. g3 c4 19. Bc2 Nxc2 20. Qxc2 Bc5+ 21. d4
Be4 22. Qd2 Bb6 23. Qb4 Qd5 24. Be3 Qd7 25. Ra1 Bb7 26. Kf1 f6 27. Nc3 Bc6 28.
Rd1 Kf7 29. Ke2 Bc7 30. Qc5 Rd8 31. exf6 gxf6 32. Qh5+ Kg8 33. Qg4+ Kh8 34. Qh4
Qg7 35. Qh3 f5 36. d5 exd5 37. Bd4 Re8+ 38. Kf3 Qxd4 39. Rxd4 Bb6 40. Ne2 Re4
41. Qxf5 1-0

[Event "POLFINAL MISTRZOSTW POLSKI JUNIOROW 2018 - C11"]
[Site "Szczyrk"]
[Date "1899-12-30"]
[Round "8.10"]
[White "Bartoszczuk, Adam"]
[Black "Zaborski, Igor"]
[Result "0-1"]
[WhiteTitle "II+"]
[BlackTitle "II"]
[WhiteElo "1255"]
[BlackElo "1323"]

1. e4 c6 2. d4 d5 3. Nc3 dxe4 4. Nxe4 Bf5 5. Ng3 Bg6 6. Nh3 e6 7. Nf4 Bd6 8. h4
Qc7 9. Nxg6 hxg6 10. Ne4 Be7 11. g3 Nf6 12. Nxf6+ Bxf6 13. Bg2 Na6 14. c3 Qd7
15. Bf4 Nc7 16. Bxc7 Qxc7 17. Qc2 O-O-O 18. O-O-O Rhe8 19. h5 gxh5 20. Rxh5 Rh8
21. Rdh1 g6 22. Rxh8 Rxh8 23. Rxh8+ Bxh8 24. Qe4 Qd8 25. Qf3 Qd7 26. Qf4 Bg7 27.
Kc2 Qc7 28. Qh4 Qd8 29. Qf4 Qc7 30. Qg5 Qd6 31. Qh4 Qd8 32. Qg4 Qd6 33. Qf3 Qe7
34. Qe3 Qd6 35. d5 cxd5 36. Qxa7 Qa6 37. Qxa6 bxa6 38. Kb3 Kc7 39. Bf1 Kb6 40.
Kc2 e5 41. b4 e4 42. a4 d4 43. c4 d3+ 44. Kd1 Bc3 45. b5 axb5 46. cxb5 Ka5 47.
f3 f5 48. f4 Bd4 49. Kd2 Kxa4 50. Bxd3 exd3 51. Kxd3 Bf2 52. Ke2 Bxg3 53. Kf3
Bh4 54. b6 Bd8 55. b7 Bc7 56. Kg3 Kb5 57. Kh4 Bxf4 58. b8=Q+ Bxb8 0-1

[Event "POLFINAL MISTRZOSTW POLSKI JUNIOROW 2018 - C11"]
[Site "Szczyrk"]
[Date "1899-12-30"]
[Round "8.11"]
[White "Wilgosz, Szczepan"]
[Black "Kazmierowski, Tymon"]
[Result "0-1"]
[WhiteTitle "II"]
[BlackTitle "II"]
[WhiteElo "1092"]
[BlackElo "1408"]

1. e4 c5 2. Nf3 e6 3. d4 cxd4 4. Nxd4 Nf6 5. Nc3 Nc6 6. Nxc6 bxc6 7. Bd3 d5 8.
e5 Nd7 9. Bf4 c5 10. Nb5 c4 11. Be2 Qa5+ 12. Nc3 Bb4 13. Bd2 d4 14. Ne4 Bxd2+
15. Qxd2 Qxe5 16. Ng5 d3 17. f4 Qxe2+ 18. Qxe2 dxe2 19. Kxe2 Bb7 20. Kf2 Ke7 21.
Rad1 h6 22. Nf3 Bxf3 23. Kxf3 Nb6 24. Rd4 Rhd8 25. Rhd1 Rxd4 26. Rxd4 Rd8 27.
Rxd8 Kxd8 28. Ke4 Ke7 29. Kd4 Kd6 30. b3 cxb3 31. axb3 a5 32. c4 Nd7 33. g4 f6
34. h3 g5 35. fxg5 fxg5 36. Kd3 Nc5+ 37. Kc3 Ne4+ 38. Kd4 Nf2 39. c5+ Kc6 40.
Kc4 Nxh3 41. b4 axb4 42. Kxb4 Nf2 43. Kc4 Nxg4 44. Kd4 Nf6 45. Ke5 h5 46. Kxf6
g4 47. Kxe6 g3 48. Kf5 g2 49. Kg5 g1=Q+ 50. Kxh5 Kxc5 51. Kh6 Kd6 52. Kh5 Ke5
53. Kh6 Kf6 54. Kh7 Qg6+ 55. Kh8 Qg7# 0-1

[Event "POLFINAL MISTRZOSTW POLSKI JUNIOROW 2018 - C11"]
[Site "Szczyrk"]
[Date "1899-12-30"]
[Round "8.12"]
[White "Turowski, Maciej"]
[Black "Duda, Leon"]
[Result "1/2-1/2"]
[WhiteTitle "II"]
[BlackTitle "II"]
[WhiteElo "1370"]
[BlackElo "1268"]

1. d4 c5 2. e3 e6 3. Nf3 Nc6 4. c4 d5 5. dxc5 Bxc5 6. cxd5 Qxd5 7. Qxd5 exd5 8.
Bb5 Nge7 9. O-O O-O 10. Bd2 Bg4 11. Be2 Rad8 12. Bc3 d4 13. exd4 Bxf3 14. Bxf3
Nxd4 15. Nd2 Nxf3+ 16. Nxf3 Nd5 17. Bd4 Bxd4 18. Nxd4 Nf4 19. Nf3 Rfe8 20. Rfd1
h6 21. Kf1 Rxd1+ 22. Rxd1 Rc8 23. g3 Ne6 24. Ke2 Kf8 25. Nd4 Nxd4+ 26. Rxd4 Rc2+
27. Rd2 Rxd2+ 28. Kxd2 Ke7 29. Ke3 Kd6 30. Kd4 Kc6 31. a4 b5 32. b3 a5 33. h4
h5 34. f3 f5 35. f4 bxa4 36. bxa4 Kd6 37. Kc4 Kc6 38. Kd4 Kd6 39. Kc4 Kc6 40.
Kd4 Kd6 1/2-1/2

[Event "POLFINAL MISTRZOSTW POLSKI JUNIOROW 2018 - C11"]
[Site "Szczyrk"]
[Date "1899-12-30"]
[Round "8.13"]
[White "Pelka, Maciej"]
[Black "Banaczyk, Piotr"]
[Result "1-0"]
[WhiteTitle "II"]
[BlackTitle "II"]
[WhiteElo "1328"]
[BlackElo "1125"]

1. e4 e6 2. d3 d5 3. Nd2 Nf6 4. Ngf3 dxe4 5. dxe4 Bc5 6. h3 Nc6 7. c3 a5 8. g3
O-O 9. Bg2 e5 10. O-O Be6 11. Qe2 Nh5 12. Kh2 Nf6 13. Rd1 Qe7 14. Nf1 Rfd8 15.
Bg5 h6 16. Bxf6 Qxf6 17. Ne3 Rxd1 18. Rxd1 Bxa2 19. Qb5 Bb6 20. Nd5 Bxd5 21. exd5
Ne7 22. d6 Nc6 23. c4 a4 24. c5 Ra5 25. cxb6 Rxb5 26. bxc7 Na7 27. d7 Nc6 28.
c8=Q+ Nd8 29. Qc3 Rb3 30. Qxe5 Rxf3 31. Qe8+ Kh7 32. Qe4+ Rf5 33. g4 Qe5+ 34.
Kh1 Qxb2 35. Qxf5+ g6 36. Qa5 a3 37. Qxd8 a2 38. Qa8 Qe2 39. d8=Q Qb2 40. Qg8#
1-0

[Event "POLFINAL MISTRZOSTW POLSKI JUNIOROW 2018 - C11"]
[Site "Szczyrk"]
[Date "1899-12-30"]
[Round "8.14"]
[White "Gromek, Pawel"]
[Black "Kubik, Rafal"]
[Result "1/2-1/2"]
[WhiteTitle "II"]
[BlackTitle "III"]
[WhiteElo "1242"]
[BlackElo "1264"]

1. e4 e5 2. Nf3 Nc6 3. Nc3 Nf6 4. d4 exd4 5. Nxd4 Bc5 6. Be3 Bb6 7. Nxc6 bxc6 8.
Bxb6 axb6 9. Bd3 O-O 10. O-O d5 11. exd5 cxd5 12. Qf3 c6 13. h3 Re8 14. Rfe1 Be6
15. Ne2 Qd6 16. Ng3 Re7 17. Nf5 Bxf5 18. Qxf5 Rae8 19. Rxe7 Rxe7 20. g3 Re5 21.
Qf4 Qe7 22. Kg2 b5 23. a4 g5 24. Qd2 bxa4 25. Rxa4 Ne4 26. Bxe4 Rxe4 27. Rxe4
Qxe4+ 28. f3 Qe7 29. b4 h6 30. Kf2 Qe6 31. Kg2 Qe7 32. c3 Qe6 33. g4 Kg7 34. Qd4+
Kg8 35. Kf2 Qd6 36. f4 f6 37. Kf3 Kg7 38. Qa7+ Kg8 39. Qa8+ Kg7 40. Qb7+ Kg8 41.
Qc8+ Kg7 42. Qf5 d4 43. cxd4 Qxd4 1/2-1/2

[Event "POLFINAL MISTRZOSTW POLSKI JUNIOROW 2018 - C11"]
[Site "Szczyrk"]
[Date "1899-12-30"]
[Round "8.15"]
[White "Gradzki, Artur"]
[Black "Zmuda, Tomasz"]
[Result "0-1"]
[WhiteTitle "II"]
[BlackTitle "II"]
[WhiteElo "1157"]
[BlackElo "1174"]

1. e4 c5 2. Nf3 Nc6 3. d4 cxd4 4. Nxd4 e6 5. Nc3 Bc5 6. Be3 Qb6 7. Na4 Qa5+ 8.
c3 Bxd4 9. Bxd4 Nxd4 10. Qxd4 e5 11. Qc4 Nf6 12. Nc5 O-O 13. f3 d6 14. Nb3 Qb6
15. Qd3 Be6 16. Qc2 d5 17. exd5 Nxd5 18. Bd3 Ne3 19. Qd2 Rad8 20. Qe2 f5 21. c4
f4 22. Rc1 Rf7 23. g3 Bh3 24. g4 Ng2+ 25. Kd1 Ne3+ 26. Ke1 Qc6 27. Be4 Qb6 28.
Bd3 Rfd7 29. Rc3 e4 30. fxe4 f3 31. Qd2 f2+ 32. Ke2 f1=Q+ 33. Rxf1 Bxf1+ 34. Ke1
Rxd3 35. Rxd3 Rxd3 0-1

[Event "POLFINAL MISTRZOSTW POLSKI JUNIOROW 2018 - C11"]
[Site "Szczyrk"]
[Date "1899-12-30"]
[Round "8.16"]
[White "Oklinski, Franciszek"]
[Black "Goral, Antoni"]
[Result "1-0"]
[WhiteTitle "III"]
[BlackTitle "II"]
[WhiteElo "1073"]
[BlackElo "1011"]

1. e4 c5 2. d4 cxd4 3. c3 dxc3 4. Nxc3 e6 5. Bc4 a6 6. Nf3 Bb4 7. O-O Qc7 8. Qe2
b5 9. Bb3 d6 10. Rd1 Nd7 11. a3 Bxc3 12. bxc3 Bb7 13. Bb2 Ngf6 14. Bc2 O-O 15.
Rac1 Qc6 16. Nd4 Qc7 17. Bb1 Nc5 18. f3 d5 19. exd5 Nxd5 20. c4 bxc4 21. Rxc4
Qb6 22. Qc2 f5 23. Re1 Rac8 24. Ba2 Rfe8 25. Kh1 Re7 26. Nxf5 Ree8 27. Rg4 Rc7
28. Nxg7 Rxg7 29. Rxg7+ Kf8 30. Qxh7 Nf6 31. Qh8+ Ng8 32. Qxg8# 1-0

[Event "POLFINAL MISTRZOSTW POLSKI JUNIOROW 2018 - C11"]
[Site "Szczyrk"]
[Date "1899-12-30"]
[Round "8.17"]
[White "Borowik, Karol"]
[Black "Jakubiec, Maurycy"]
[Result "1-0"]
[WhiteTitle "II"]
[BlackTitle "IV"]
[WhiteElo "1177"]
[BlackElo "1016"]

1. d4 Nf6 2. c4 e6 3. Nf3 b6 4. Nc3 Bb4 5. Bg5 h6 6. Bh4 g5 7. Bg3 Ne4 8. Qc2 Bb7
9. a3 Bxc3+ 10. bxc3 d6 11. e3 Nd7 12. Nd2 f5 13. f3 Nxd2 14. Qxd2 Qf6 15. Bd3
h5 16. Rb1 g4 17. fxg4 hxg4 18. c5 dxc5 19. Bxc7 Rc8 20. Bg3 cxd4 21. cxd4 Bxg2
22. Qxg2 Qe7 23. Qb2 Nf6 24. Be5 Qb7 25. Rf1 Kf7 26. d5 Qxd5 27. Bxf6 Qxd3 28.
Bxh8 Rxh8 29. Qxh8 Qxb1+ 30. Kf2 Qc2+ 31. Kg1 Qe2 32. Qd4 Kg6 33. Qf4 Kh5 34.
h3 Kg6 35. hxg4 fxg4 36. Qf6+ Kh5 37. Qxe6 Kh4 38. Qh6+ Kg3 39. Qf4+ Kh3 40. Qf2
1-0

[Event "POLFINAL MISTRZOSTW POLSKI JUNIOROW 2018 - C11"]
[Site "Szczyrk"]
[Date "1899-12-30"]
[Round "8.18"]
[White "Palasz, Jakub"]
[Black "Bartnik, Michal"]
[Result "1-0"]
[WhiteTitle "II"]
[BlackTitle "II"]
[WhiteElo "1157"]
[BlackElo "1090"]

1. e4 c5 2. Nf3 d6 3. d4 cxd4 4. Nxd4 Nf6 5. Nc3 g6 6. Be3 Bg7 7. Bc4 O-O 8. f3
Nc6 9. Qd2 a6 10. g4 Ne5 11. Bb3 b5 12. O-O-O Qc7 13. h4 Bb7 14. h5 gxh5 15. gxh5
Nc4 16. Bxc4 Qxc4 17. h6 b4 18. hxg7 Rfc8 19. Nb1 e6 20. Bg5 Ne8 21. Qh2 f6 22.
Qxh7+ Kf7 23. g8=Q# 1-0

[Event "POLFINAL MISTRZOSTW POLSKI JUNIOROW 2018 - C11"]
[Site "Szczyrk"]
[Date "1899-12-30"]
[Round "8.19"]
[White "Nagly, Wojciech"]
[Black "Pawlowski, Kamil"]
[Result "1-0"]
[WhiteTitle "II"]
[BlackTitle "II"]
[WhiteElo "1116"]
[BlackElo "1013"]

1. d4 d5 2. c4 e6 3. Nc3 Nf6 4. Bg5 Be7 5. Nf3 Nbd7 6. e3 O-O 7. Be2 dxc4 8. Bxc4
b6 9. O-O Bb7 10. Qe2 c5 11. Rad1 Qc7 12. Bf4 Qc8 13. d5 exd5 14. Nxd5 Nxd5 15.
Bxd5 Ba6 16. Qd2 Bxf1 17. Kxf1 Qa6+ 18. Kg1 Rac8 19. Bxf7+ Rxf7 20. Qxd7 Rd8 21.
Ne5 Rxd7 22. Rxd7 Qc8 23. Rxa7 Qf5 24. h3 Qb1+ 25. Kh2 Qf5 26. Nxf7 Qxf7 27. Ra8+
Bf8 28. Bd6 b5 29. Rxf8+ Qxf8 30. Bxf8 Kxf8 31. Kg3 Kf7 32. Kf4 Ke6 33. Ke4 Kd6
34. f4 g6 35. g4 h5 36. gxh5 gxh5 37. f5 b4 38. f6 Ke6 39. f7 Kxf7 40. Kd5 b3
41. axb3 Kg6 42. Kxc5 Kg5 43. b4 Kh4 44. b5 Kxh3 45. b6 Kg2 46. b7 h4 47. b8=Q
h3 48. e4 h2 49. Qxh2+ Kxh2 50. e5 Kg3 51. e6 Kf4 52. e7 Ke4 53. e8=Q+ Kd3 54.
Qa4 Ke3 55. Qd4+ Kf3 56. Kd5 Kg3 57. Qe4 Kf2 58. Qd3 Kg2 59. Qe3 Kh2 60. Qf3 Kg1
61. Ke4 Kh2 62. Kf4 Kg1 63. Qe2 Kh1 64. Kg3 Kg1 65. Qd1# 1-0

[Event "POLFINAL MISTRZOSTW POLSKI JUNIOROW 2018 - C11"]
[Site "Szczyrk"]
[Date "1899-12-30"]
[Round "8.20"]
[White "Kubaszewski, Piotr"]
[Black "Guzik, Michal"]
[Result "0-1"]
[WhiteTitle "II"]
[BlackTitle "II"]
[WhiteElo "1238"]
[BlackElo "1117"]

1. e4 c5 2. Nf3 e6 3. d4 cxd4 4. Nxd4 a6 5. Nc3 Qc7 6. Be3 Nf6 7. a3 Be7 8. Be2
d6 9. Qd2 Nbd7 10. O-O-O O-O 11. g4 Nc5 12. f3 d5 13. g5 Nfd7 14. exd5 e5 15.
Nf5 Bd6 16. Nxd6 Qxd6 17. Ne4 Nxe4 18. fxe4 Qc7 19. h4 Nc5 20. Bxc5 Qxc5 21. h5
Bd7 22. Bd3 b5 23. Rde1 a5 24. Qc3 Qd6 25. Qb3 b4 26. a4 Qe7 27. Reg1 Qe8 28.
g6 Bxa4 29. gxh7+ Kxh7 30. Qc4 Rc8 31. Qa6 Bxc2 32. Bxc2 Qa4 33. Qd3 b3 34. h6
g6 35. Kd2 Rxc2+ 36. Ke3 Qb4 37. Rf1 Rxb2 38. d6 Rc2 39. d7 Rc3 0-1

[Event "POLFINAL MISTRZOSTW POLSKI JUNIOROW 2018 - C11"]
[Site "Szczyrk"]
[Date "1899-12-30"]
[Round "9.1"]
[White "Klim, Filip"]
[Black "Miler, Franciszek"]
[Result "1-0"]
[WhiteTitle "I"]
[BlackTitle "II"]
[WhiteElo "1451"]
[BlackElo "1345"]

1. e4 c5 2. Nf3 d6 3. d4 cxd4 4. Nxd4 Nf6 5. Nc3 g6 6. Be3 Bg7 7. Be2 O-O 8. O-O
Nc6 9. Qd2 Ng4 10. Bxg4 Bxg4 11. h3 Bd7 12. Rad1 Ne5 13. b3 Qa5 14. Nd5 Qd8 15.
f4 Nc6 16. Nb5 b6 17. c4 Na5 18. Nxa7 Rxa7 19. Bxb6 Qa8 20. Nxe7+ Kh8 21. Bxa7
Qxa7+ 22. Qf2 Qxf2+ 23. Rxf2 Re8 24. f5 Bh6 25. Nd5 Rxe4 26. Nf6 Re7 27. Rxd6
Re1+ 28. Kh2 Be3 29. Rf3 Bxf5 30. g4 Re2+ 31. Kg3 Be6 32. Rd8+ Kg7 33. h4 g5 34.
Nh5+ Kg6 35. Rf6# 1-0